[Event "Vasteras op"]
[Site "Vasteras"]
[Date "2014.09.26"]
[Round "1"]
[White "Kunin, Vitaly L"]
[Black "Bast, Billy"]
[Result "1-0"]
[WhiteElo "2580"]
[BlackElo "1958"]
[PlyCount "59"]
[EventDate "2014.09.26"]
[EventType "swiss"]
[EventRounds "8"]
[EventCountry "SWE"]
[SourceTitle "CBM 162 Extra"]
[Source "ChessBase"]
[SourceDate "2014.10.17"]
[SourceVersion "1"]
[SourceVersionDate "2014.10.17"]
[SourceQuality "1"]

1. e4 e6 2. d3 d5 3. Nd2 Nf6 4. Ngf3 Nc6 5. c3 dxe4 6. dxe4 Be7 7. Bb5 Bd7 8. 0-0 a6 9. Bd3 0-0 10. e5 Ng4 11. Qe2 f6 12. exf6 Nxf6 13. Ne4 Qe8 14. Nxf6+ Bxf6 15. Bf4 e5 16. Bg3 Bg4 17. h3 Bh5 18. Be4 Rd8 19. Rad1 Rxd1 20. Rxd1 Bg6 21. Bd5+ Kh8 22. Bxc6 Qxc6 23. Nxe5 Bxe5 24. Qxe5 Bc2 25. Qe7 Qe8 26. Rd7 Qxe7 27. Rxe7 Rc8 28. Bxc7 Kg8 29. Be5 g6 30. Rxb7 1-0